| 000 | 00933nam a22002417a 4500 | ||
|---|---|---|---|
| 008 | 130821s2011 enka gr eng | ||
| 020 | _a9780199581078 | ||
| 040 |
_aCO-BoUCM _bspa _cAngélica Rojas (modificó) _dAldemar Mondragón |
||
| 041 | 0 | 0 | _aeng |
| 100 | 1 |
_aBlowfield, Michael _933423 |
|
| 245 | 1 | 0 |
_aCorporate responsibility _cMichael Blowfield, Alan Murray |
| 250 | _a2nd ed | ||
| 260 |
_aOxford (Oxfordshire, Inglaterra) _bOxford University Press _c2011 |
||
| 300 |
_axxi, 431 páginas _bilustraciones, gráficas |
||
| 504 | _aIncluye referencias bibliográficas e índices | ||
| 650 | 7 |
_aDesarrollo sostenible _2LEMB _933424 |
|
| 650 | 7 |
_aÉtica en los negocios _933425 |
|
| 650 | 7 |
_aResponsabilidad social en los negocios _2LEMB _923695 |
|
| 690 | _aAdministración de empresas | ||
| 700 | 1 |
_aMurray, Alan _933426 |
|
| 942 |
_cLIBRO _a16 _e2 _mB657c _2DEWEY _h658.408 |
||
| 999 |
_c165164 _d165164 |
||